| 000 | 00515nam a22001697a 4500 | ||
|---|---|---|---|
| 999 |
_c523820 _d523820 |
||
| 003 | NUST | ||
| 038 | _awaseem | ||
| 082 |
_a891.439109 _bMIR |
||
| 100 |
_aMirza, Shafqat Tanvir _914589 |
||
| 245 |
_aPunjabi Tanqeed aur Dosaray Mazameen / _cShafqat Tanvir Mirza |
||
| 260 |
_aLahore : _bA.H. Publishers, _c2000. |
||
| 300 | _a279 p. ; | ||
| 500 | _aHardcover. | ||
| 880 |
_6100-02\r _aشفقت تنویر مرزا |
||
| 880 |
_6245-02\r _aپنجابی تنقید اور دوسرے مضامین / |
||
| 942 |
_2ddc _cBK |
||